|
|
|
|
| LEADER |
01623nam a22004452a 4500 |
| 001 |
000063302 |
| 003 |
CZ BrMZK |
| 005 |
20250820113757.0 |
| 007 |
ta |
| 008 |
950407s1992 xr e 0bcze d |
| 015 |
|
|
|a cnb000066010
|
| 040 |
|
|
|a BOA001
|b cze
|
| 043 |
|
|
|a e-xr---
|
| 045 |
|
|
|a w7x3
|
| 072 |
|
7 |
|a 930
|x Historická věda. Pomocné vědy historické. Archivnictví
|2 Konspekt
|9 8
|
| 072 |
|
7 |
|a 929
|x Biografie
|2 Konspekt
|9 8
|
| 080 |
|
|
|a 930-051
|2 MRF
|
| 080 |
|
|
|a 929
|2 MRF
|
| 080 |
|
|
|a (437.3)
|2 MRF
|
| 080 |
|
|
|a (092)
|2 MRF
|
| 100 |
1 |
|
|a Hanzal, Josef,
|d 1934-2002
|7 jk01033521
|4 aut
|
| 245 |
1 |
0 |
|a Josef Pekař /
|c Josef Hanzal
|
| 250 |
|
|
|a 1. vyd.
|
| 260 |
|
|
|a Praha :
|b Mladá fronta,
|c 1992
|
| 300 |
|
|
|a 51 s.
|
| 490 |
1 |
|
|a Kdo je-- ;
|v sv. 4
|
| 500 |
|
|
|a Dostupné též v digitální podobě v aplikaci Kramerius
|
| 600 |
1 |
7 |
|a Pekař, Josef,
|d 1870-1937
|7 jk01092389
|
| 648 |
|
7 |
|a 19.-20. století
|7 ch757015
|
| 648 |
|
4 |
|a 1870-1937
|
| 650 |
0 |
7 |
|a historici
|7 ph114665
|z Česko
|y 19.-20. století
|2 czenas
|
| 650 |
0 |
9 |
|a historians
|z Czechia
|y 19th-20th centuries
|2 eczenas
|
| 655 |
|
7 |
|a biografie
|7 fd131909
|2 czenas
|
| 655 |
|
9 |
|a biography
|2 eczenas
|
| 830 |
|
0 |
|a Kdo je-- (Mladá fronta)
|0 s
|
| 856 |
4 |
1 |
|u http://www.digitalniknihovna.cz/mzk/uuid/uuid:b040bb50-f9fa-11e4-88cd-005056827e52
|y Digitalizovaný dokument
|x NDK
|
| 910 |
|
|
|a BOA001
|b PK-A-0019.874
|b 1-0977.202
|
| 990 |
|
|
|a BK
|
| 996 |
6 |
|
|b 2619881248
|c 1-0977.202
|l MZK
|r Sklad / do 1 hodiny
|n 22
|w 000063302
|u 000020
|a 1
|e BOA001
|j MZK50
|s P
|
| 996 |
7 |
|
|b 3119971748
|c PK-A-0019.874
|l MZK
|r Sklad / do 1 hodiny
|n 9
|w 000063302
|u 000010
|a 1
|e BOA001
|j MZK50
|s A
|